| 000 | 00464nam a22001817a 4500 | ||
|---|---|---|---|
| 003 | NUST - PNEC | ||
| 005 | 20170116181156.0 | ||
| 008 | 160112b xxu||||| |||| 00| 0 eng d | ||
| 020 | _a- | ||
| 040 | _cLIBRARY | ||
| 082 | _a954.91 AZI | ||
| 100 |
_915923 _aAziz, Khursheed Kamal |
||
| 245 |
_aThe making of Pakistan: a study in nationalism, _cKhursheed Kamal,Aziz |
||
| 250 | _a- | ||
| 260 | _cc 1967 | ||
| 650 |
_915925 _aIndia _xGeneral |
||
| 942 |
_2ddc _cBK |
||
| 999 |
_c71207 _d71207 |
||